000 00548 a2200193 4500
003 OSt
005 20260307143904.0
008 231201b |||||||| |||| 00| 0 eng d
020 _a9788126475568
040 _coclc
082 _a894.8123
_bAKH/R
100 1 _aDharmajan, Akhil Pi.,
_d1993-
_99966
245 _aRam c/o Anandhi /
_cAkhil P. Dharmajan
250 _a12th ed.
250 _a61st ed
260 _aKottayam:
_bD C Books,
_c2023
_c2025.
300 _a320p.
942 _2ddc
_cBK
_h894.8123
_iAKH/R
_k894.8123
_mAKH/R
999 _c43903
_d43903